Využitie finančnej analýzy v praxi bakalárska práca

Gespeichert in:
Bibliographische Detailangaben
1. Verfasser: Janech, Lukáš
Körperschaft: Národohospodárska fakulta EU. Katedra financií
Weitere Verfasser: Alexy, Martin, 1976-
Format: Buch
Sprache:Slowakisch
Veröffentlicht: Bratislava 2024
Tags: Tag hinzufügen
Keine Tags, Fügen Sie das erste Tag hinzu!

MARC

LEADER 00000nbm a2200000 4500
001 0301596
005 20241025102354.0
041 0 |a slo 
044 |a SK 
245 1 0 |a Využitie finančnej analýzy v praxi  |b bakalárska práca  |c Lukáš Janech ; školiteľ: Martin Alexy 
264 1 |a Bratislava  |c 2024 
300 |a 40 s. 
100 1 |a Janech, Lukáš 
700 1 |a Alexy, Martin, 1976- 
710 2 |a Národohospodárska fakulta EU. Katedra financií